De tien mooiste havens van de Middellandse zee - Statistieken

Algemene statistieken
  • Deze quiz is 11 keer genomen
  • De gemiddelde score is 5 van 10
Antwoordstatistieken
Hint Antwoord % Correct
SP Barcelona
91%
IT Rome
73%
IT Napels
64%
MT Valletta
64%
GR Athene
55%
TR Istanbul
55%
IT Venetië
55%
HR Dubrovnik
45%
F Villefranche sur Mer
0%
GR Santorini
0%
Geen overeenkomende quizzen gevonden
Scoreverdeling
Procent van Mensen met Elke Score
Percentiel versus Aantal Correcte Antwoorden
Uw Scoregeschiedenis
U heeft deze quiz nog niet genomen